| 000 | 00742nam a2200265 a 4500 | ||
|---|---|---|---|
| 001 | 000008656 | ||
| 005 | 20200929161359.0 | ||
| 008 | 930730s1994 sp 000 1 spa d | ||
| 010 | _a91214668 | ||
| 020 | _a8472233812 | ||
| 040 |
_aDO-SdBNP _cMiU _dAzU _dIU _dDLC |
||
| 042 | _alccopycat | ||
| 082 |
_a863.64 _bM536p, 1994 |
||
| 100 | 1 |
_aMendicutti, Eduardo, _d1948- _923095 |
|
| 245 | 1 | 3 |
_aEl palomo cojo / _cEduardo Mendicutti. |
| 250 | _a4. ed. | ||
| 260 |
_aBarcelona : _bTusquets, _c1994. |
||
| 300 |
_a240 p. ; _c21 cm. |
||
| 490 | 1 |
_aAndanzas _v145 |
|
| 500 | _aFiction. | ||
| 650 | 4 |
_aNovela española _91123 |
|
| 650 | 4 |
_aLiteratura española _9632 |
|
| 830 | 0 |
_aAndanzas ; _v145 _918113 |
|
| 910 | _aCatalogación por copia / LC | ||
| 999 |
_c8426 _d8426 |
||